|
|
|
|
| LEADER |
01547nam a2200277 a 4500 |
| 001 |
1575513 |
| 008 |
120611r20031997ii ab b 001 0 eng d |
| 010 |
|
|
|a 92908664
|
| 020 |
|
|
|a 0706986768
|
| 040 |
|
|
|a CU-S
|c DLC
|d DLC
|d BD-DhAAL
|
| 082 |
0 |
0 |
|a 574.5
|2 20
|
| 100 |
1 |
|
|a Kumar, H. D.,
|d 1934-
|
| 245 |
1 |
0 |
|a Modern concepts of ecology /
|c H.D. Kumar.
|
| 250 |
|
|
|a 8th rev. ed.
|
| 260 |
|
|
|a New Delhi :
|b Vikas Pub. House ;
|b UBS Publishers' Distributors,
|c c1997.[Second reprint 2003]
|
| 300 |
|
|
|a 478 p. :
|b ill., map ;
|c 22 cm.
|
| 504 |
|
|
|a Includes bibliographical references (p. 458-462). and index.
|
| 541 |
1 |
|
|e 00025405
|
| 650 |
|
0 |
|a Ecology.
|
| 852 |
1 |
|
|a Ayesha Abed Library
|j General shelf
|
| 999 |
|
|
|c 12371
|d 12371
|
| 952 |
|
|
|0 0
|1 0
|4 0
|6 574_500000000000000_KUM
|7 0
|9 20455
|a BRACUL
|b BRACUL
|c GEN
|d 2012-06-11
|e Book View
|g 700.00
|l 0
|o 574.5 KUM
|p 3010025405
|r 2012-06-11
|t 1
|w 2012-06-11
|y BK
|
| 952 |
|
|
|0 0
|1 0
|4 0
|6 574_500000000000000_KUM
|7 0
|9 20456
|a BRACUL
|b BRACUL
|c GEN
|d 2012-06-11
|e Book View
|g 700.00
|l 0
|o 574.5 KUM
|p 3010025406
|r 2012-06-11
|t 2
|w 2012-06-11
|y BK
|
| 952 |
|
|
|0 0
|1 0
|4 0
|6 574_500000000000000_KUM
|7 0
|9 20457
|a BRACUL
|b BRACUL
|c GEN
|d 2012-06-11
|e Book View
|g 700.00
|l 0
|o 574.5 KUM
|p 3010025407
|r 2012-06-11
|t 3
|w 2012-06-11
|y BK
|
| 952 |
|
|
|0 0
|1 0
|4 0
|6 574_500000000000000_KUM
|7 0
|9 20458
|a BRACUL
|b BRACUL
|c GEN
|d 2012-06-11
|e Book View
|g 700.00
|l 0
|o 574.5 KUM
|p 3010025408
|r 2012-06-11
|t 4
|w 2012-06-11
|y BK
|
| 952 |
|
|
|0 0
|1 0
|4 0
|6 574_500000000000000_KUM
|7 0
|9 20459
|a BRACUL
|b BRACUL
|c GEN
|d 2012-06-11
|e Book View
|g 700.00
|l 0
|o 574.5 KUM
|p 3010025409
|r 2012-06-11
|t 5
|w 2012-06-11
|y BK
|